000 00372nam a2200145Ia 4500
008 240729s9999 xx 000 0 und d
022 _a2199-1006
245 0 _aScienceOpen Research
260 _aUnited States
260 _bScienceOpen
650 _aGeneral Works
856 _uhttps://doaj.org/toc/10f09fd9c57b45028561453d5d2868de
942 _2ddc
942 _cDOAJEJ
999 _c70914
_d70914
945 _a1
_bMadushi Gamage
_c1
_dMadushi Gamage